Osobnost člověka v socialismu

Salvato in:
Dettagli Bibliografici
Natura: Libro
Lingua:ceco
Pubblicazione: Praha Státní pedagogické nakladatelství 1971
Tags: Aggiungi Tag
Nessun Tag, puoi essere il primo ad aggiungerne!!

MARC

LEADER 00000nam a2200000 4500
001 c122309
005 20250711100049.7
041 0 |a cze 
044 |a CZ 
245 1 0 |a Osobnost člověka v socialismu  |c [Z nem. orig. přel. Josef Smolka] 
264 1 |a Praha  |b Státní pedagogické nakladatelství  |c 1971 
300 |a 46 s.